000 00396nam a22001697a 4500
003 MPLRDC
005 20220104124245.0
008 210129b ||||| |||| 00| 0 eng d
082 _a784.88 GOR-3
100 _a陆楼 编著
245 _a戈尔巴乔夫
_c
250 _a初版
260 _a
_b中原出版社
_c1992
300 _b
650 _a苏联传记
942 _cBK
_o784.88 GOR-3
999 _c17889
_d17879